Workers, unions and the state
保存先:
| 第一著者: | |
|---|---|
| フォーマット: | 図書 |
| 言語: | Undetermined |
| 出版事項: |
Liverpool
C. Tinling & Co. Ltd.
1966
|
| 主題: | |
| タグ: |
タグ追加
タグなし, このレコードへの初めてのタグを付けませんか!
|
| Thư viện lưu trữ: | Trung tâm Học liệu Trường Đại học Cần Thơ |
|---|
| LEADER | 00479nam a2200181Ia 4500 | ||
|---|---|---|---|
| 001 | CTU_78862 | ||
| 008 | 210402s9999 xx 000 0 und d | ||
| 082 | |a 331 | ||
| 082 | |b W918 | ||
| 100 | |a Wootton, Graham | ||
| 245 | 0 | |a Workers, unions and the state | |
| 245 | 0 | |c Graham Wootton | |
| 260 | |a Liverpool | ||
| 260 | |b C. Tinling & Co. Ltd. | ||
| 260 | |c 1966 | ||
| 650 | |a Working class | ||
| 650 | |z Great Britain | ||
| 980 | |a Trung tâm Học liệu Trường Đại học Cần Thơ | ||